| 000 | 00667c a2200253 4500 | ||
|---|---|---|---|
| 001 | 28702 | ||
| 005 | 20220405165321.0 | ||
| 090 | _a28702 | ||
| 095 | _aPTBN00066014 | ||
| 100 | _a20071106d1976 a y0pory5003 ba | ||
| 101 | 0 | _apor | |
| 102 | _aPT | ||
| 930 | _lBECRE/V | ||
| 930 | _lBECRE/A | ||
| 675 |
_a087.5 _vmed _zpor |
||
| 700 | 1 |
_aSoares, _bMaria Isabel de Mendonça, _f1922- |
|
| 998 | _aCR149 - 00017 | ||
| 200 | 1 |
_aO marujinho que perdeu o norte _ee outras histórias _fMaria Isabel de Mendonça Soares |
|
| 205 | _a2a ed | ||
| 210 |
_aLisboa _cática, _dimp. 1976 |
||
| 215 |
_a38, [1] p. _cil. _d24 cm |
||
| 225 | 2 | _aInfantil | |
| 801 | 0 |
_aPT _bBN _gRPC |
|
| 990 | _cLIVROS | ||